=LDR 00000nam 2200000 4500 =001 INLIS000000000046282 =005 20150307112033.0 =006 =007 =008 =020 ##$$a 979-448-257-9 =035 ##$$0010-031500000000054 =040 ##$$a NBPDMAT =082 ##$$a 618.2 =090 ##$$a 618.2$Bru d =100 ##$$a Brudenell, Michael =245 ##$$a Diabetes pada kehamilan(diabetic pregnancy)$cMichael Brudenell =260 ##$$a Jakarta$bEGC$c1994 =300 ##$$a x, 177 hlm$bilus$c21 cm. =650 ##$$a Diabetes =850 ##$$a NBPDMAT =990 ##$$a 84.168/Pro-95 =990 ##$$a 0001/BPAP-NTB/20142015